High School Mascots of Central Kansas - Statistics

General Stats
  • This quiz has been taken 38 times
  • The average score is 12 of 27
Answer Stats
Hint Answer % Correct
Lyons Lions
75%
Hutchinson Salthawks
64%
Ellinwood Eagles
61%
Canton-Galva Eagles
61%
Pretty Prairie Bulldogs
57%
McPherson Bullpups
57%
Hesston Swathers
57%
Smoky Valley Vikings
54%
Sedgwick Cardinals
50%
Buhler Crusaders
50%
Newton Railroaders
50%
Nickerson Panthers
46%
Sterling Black Bears
43%
Halstead Dragons
43%
Moundridge Wildcats
43%
Elyria Christian Eagles
39%
Inman Teutons
39%
Hillsboro Trojans
39%
Haven Wildcats
39%
Remington Broncos
36%
Little River Redskins
32%
Marion Warriors
32%
Goessel Bluebirds
29%
Burrton Chargers
29%
Berean Academy Warriors
29%
Abilene Cowboys
25%
Peabody Warriors
25%
No matching quizzes found
Score Distribution
Percent of People with Each Score
Percentile by Number Answered
Your Score History
You have not taken this quiz